000 00849nam a22002537a 4500
001 32608
003 AR-RoBPED
005 20260505171412.0
008 260422s1985 ag a|||| |||| 001 0 spa d
020 _a9500100231
040 _aAR-RoBPED
041 _aspa
100 1 _aPoirier, MarĂ­a Elena
_930758
245 1 _aCuatro hojitas :
_blibro de lectura para primer grado /
_cMaria Elena Poirier y Laura Elva Veneri con ilustraciones de Juan Carlos Miranda.
260 _aBuenos Aires :
_bEstrada,
_c1985.
300 _a77 p.
_bil.
650 4 _aARCHIVO INFANTIL
_924464
650 4 _aPRIMER GRADO
_91456
650 4 _aLIBROS DE LECTURA
_915325
700 _aVeneri, Laura Elba
_930759
700 1 _aMiranda, Juan Carlos
_924011
_eilust.
942 _2udc
_aK. 32608
_cBK
_kIA
_h372.4
_mP 74
_pInv. 42405
945 _amm 22/04/2026; fd 24/04/2026
999 _c32608
_d32608